000
00332 a2200109 4500
001
ART_17361
005
20260410161923.0
008
260409a
245
1
0
_a
Second thoughts on Keynesian economics
100
1
_a
Barro, Robert J.
773
0
_t
The American Economic Review
_g
- Vol. 69, NÂș 2 (mayo 1979)
_w
REV16190
999
_c
27861
_d
27861